Statistics for How do you say in English? (Italian names for food)

Click here to take the quiz!

General Stats

  • This quiz has been taken 665 times
    (658 since last reset)
  • The average score is 38 of 65

Answer Stats

Hint Answer % Correct
bananabanana
95%
limonelemon
95%
pollochicken
94%
panebread
93%
lattemilk
93%
formaggiocheese
93%
melonemelon
91%
prosciuttoham
90%
salmonesalmon
90%
patatapotato
89%
peperonepepper
88%
carotacarrot
88%
pomodorotomato
86%
fungomushroom
86%
uovaeggs
84%
salamesalami
84%
aranciaorange
82%
basilicobasil
81%
pisellipeas
79%
melaapple
79%
burrobutter
75%
rosmarinorosemary
74%
ananaspineapple
73%
perapear
73%
salsicciasausage
70%
uvagrape
70%
pannacream
70%
fragolastrawberry
69%
zucchinezucchini
69%
cipollaonion
67%
tonnotuna
67%
maialepork
61%
manzobeef
60%
calamarosquid
59%
fagiolibeans
57%
agnellolamb
55%
farinaflour
55%
tacchinoturkey
53%
timothyme
47%
trotatrout
46%
gamberoshrimp
45%
cavolfiorecauliflower
43%
anatraduck
43%
anguriawatermelon
43%
panna acidasour cream
42%
polpooctopus
42%
mirtilloblueberry
41%
prugnaplum
41%
melanzanaeggplant
39%
lamponeraspberry
38%
aragostalobster
37%
albicoccaapricot
33%
latte scrematoskim milk
32%
morablackberry
30%
cavolocabbage
30%
salviasage
26%
prezzemoloparsley
26%
pescespadaswordfish
25%
merluzzocod
23%
sedanocelery
22%
acciugaanchovy
15%
aringaherring
12%
rapaturnip
12%
pagnotta/sfilatinoloaf
10%
platessaplaice
7%

Score Distribution

Percentile by Number Answered

Percent of People with Each Score

Your Score History

You have not taken this quiz since the last reset